[Event "Quebec Montcalm op 4th"]
[Site "Quebec"]
[Date "2006.02.09"]
[Round "5"]
[White "Dao, Huy Hao"]
[Black "Bourassa, Andre"]
[Result "1/2-1/2"]
[WhiteElo "1781"]
[BlackElo "1692"]
[PlyCount "91"]
[EventDate "2006.01.12"]
[EventType "swiss"]
[EventRounds "5"]
[EventCountry "CAN"]
[SourceTitle "EXT 2007"]
[Source "ChessBase"]
[SourceDate "2006.11.23"]
[SourceVersion "1"]
[SourceVersionDate "2006.11.23"]
[SourceQuality "1"]

1. e4 c5 2. Nf3 d6 3. d4 cxd4 4. Nxd4 Nf6 5. Nc3 a6 6. Be2 e5 7. Nb3 Be6 8. 0-0 Be7 9. f4 exf4 10. Rxf4 b5 11. Be3 Nbd7 12. Nd5 Bxd5 13. exd5 Ne5 14. Qd2 Qd7 15. Raf1 Qb7 16. Rd1 Rc8 17. Na5 Qd7 18. c4 bxc4 19. Nxc4 Bd8 20. Qb4 Nxc4 21. Rxc4 Rxc4 22. Qxc4 0-0 23. Qxa6 Qe7 24. Bg5 Qe5 25. Bxf6 Bxf6 26. b4 Qe3+ 27. Kh1 Re8 28. Bb5 Rf8 29. Rf1 Be5 30. Be2 g6 31. Qd3 Qxd3 32. Bxd3 Ra8 33. b5 Bd4 34. Bc4 Ra4 35. Rc1 Kf8 36. Bb3 Ra7 37. a4 Bb6 38. Rc6 Rc7 39. g3 Rxc6 40. dxc6 f5 41. Kg2 Ke7 42. Kf3 Kf6 43. g4 h6 44. Bc2 Ke5 45. gxf5 gxf5 46. h4 1/2-1/2

[Event "Quebec Montcalm op 5th"]
[Site "Quebec"]
[Date "2005.??.??"]
[Round "3"]
[White "Dao, Huy Hao"]
[Black "Audet Bouchard, Nicolas"]
[Result "1/2-1/2"]
[WhiteElo "1664"]
[BlackElo "2057"]
[PlyCount "87"]
[EventDate "2005.??.??"]
[EventType "swiss"]
[EventRounds "5"]
[EventCountry "CAN"]
[SourceTitle "EXT 2006"]
[Source "ChessBase"]
[SourceDate "2005.11.24"]
[SourceVersion "1"]
[SourceVersionDate "2005.11.24"]
[SourceQuality "1"]

1. d4 Nf6 2. c4 e6 3. Nc3 Bb4 4. Qc2 d5 5. a3 Bxc3+ 6. Qxc3 Ne4 7. Qc2 Nc6 8. Nf3 e5 9. e3 exd4 10. cxd5 Qxd5 11. Bc4 Qf5 12. 0-0 0-0 13. Bd3 Re8 14. Nd2 dxe3 15. Bxe4 Qe5 16. Bxh7+ Kh8 17. Nf3 Qh5 18. Bd3 Bg4 19. fxe3 Rad8 20. Be4 Re6 21. Bxc6 Rxc6 22. Qf2 Rh6 23. e4 Rh7 24. Bf4 c6 25. Rad1 Re8 26. Ng5 Bxd1 27. Nxh7 Kxh7 28. Be3 Bb3 29. Bxa7 Rxe4 30. Qf5+ Qxf5 31. Rxf5 Bd5 32. Rf2 Kg6 33. h3 f6 34. Bc5 Kf7 35. Bb4 Ke6 36. Rf1 f5 37. Re1 g6 38. Kf2 Rxe1 39. Bxe1 Ke5 40. g3 Ke4 41. Bc3 b5 42. h4 Kd3 43. Bb4 Be4 44. Ba5 1/2-1/2